=LDR 00000nam 2200000 4500 =001 INLIS000000000038901 =990 ##$$a 21103813 =005 20140829110404.0 =990 ##$$a 21400613/BPAP-NTB/20142014 =006 =990 ##$$a 0001/BPAP-NTB/20142014 =007 =990 ##$$a 0001/BPAP-NTB/20142014 =008 ind =990 ##$$a 21603131/BPAP-NTB/2017 =035 ##$$0010-061300000038901 =041 ##$$a ind =082 ##$$a 808.83 =090 ##$$a 808.83, Can c =100 ##$$a CANFIELD, Vack =245 ##$$a Clicken seup for the mother's soul, Para ibu berbagi cerita (bunga untuk ibu dan kisah-kisah nyata lainnya/Jack canfield =260 ##$$a 2008 $b Jakarta =300 ##$$a Vii,208 Hlm, 23 Cm =650 ##$$a CERITA HISTERIS =850 ##$$a NBPNMAT =990 ##$$a 21400613/BPAP-NTB/20142014 =990 ##$$a 0001/BPAP-NTB/20142014 =990 ##$$a 0001/BPAP-NTB/20142014 =990 ##$$a 21603131/BPAP-NTB/2017